El estilo Southwest Airlines: cómo gestionar las relaciones para obtener un gran rendimiento (Registro nro. 8285)
[ vista simple ]
| 000 -Cabecera | |
|---|---|
| Campo de control de longitud fija | 00633nam a2200217 b 4500 |
| 005 - Fecha y hora de la última transacción | |
| Campo de control | 20231012143900.0 |
| 008 - Elementos de longitud fija--Información general | |
| Campo de control de longitud fija | 070223s2006 sp | ||| ||spa |
| 020 ## - International Standard Book Number | |
| Número Internacional Estándar del Libro (ISBN) | 8423424731 |
| 041 1# - Idioma | |
| Código de idioma | |
| 082 ## - Clasificación Decimal Dewey | |
| Número de clasificación | 658.049 G536e |
| 100 1# - Entrada principal--Autor personal | |
| Nombre personal | Gittell, Jody Hoffer |
| 9 (RLIN) | 11536 |
| 245 13 - Título propiamente dicho | |
| Título | El estilo Southwest Airlines: cómo gestionar las relaciones para obtener un gran rendimiento |
| 260 ## - Pie de imprenta | |
| Lugar de publicación, distribución, etc. | España |
| Nombre del editor, distribuidor, etc. | Deusto |
| Fecha de publicación, distribución, etc. | 2006 |
| 300 ## - Descripción física | |
| Extensión | 310 páginas |
| 440 #0 - Declaración de serie/asiento adicional--título | |
| Título de la serie | Grandes Casos Empresariales |
| 650 ## - Materia general | |
| Temática (materia general) | ESTUDIO DE CASOS |
| 650 ## - Materia general | |
| Temática (materia general) | AEROLÍNEAS |
| 650 ## - Materia general | |
| Temática (materia general) | PROVEEDORES |
| 650 ## - Materia general | |
| Temática (materia general) | RENDIMIENTO |
| 942 ## - Punto de acceso adicional KOHA | |
| Tipo de ítem KOHA | Literatura |
| Fuente del sistema de clasificación o colocación | Dewey Decimal Classification |
| Signatura completa | Código de barras | Tipo de ítem |
|---|---|---|
| 658.049 G536e | 21334 | Literatura |